Estudio de prefactibilidad para la creación de un centro de patinaje sobre ruedas en la ciudad de Managua

Presenta estudio de prefactibilidad para la creación de un centro de patinaje sobre ruedas que cumpla con todos los requerimientos técnicos, funcionales y de confort que satisfaga las necesidades de los que gustan de este deporte y que ofrezca a los jóvenes una alternativa más de entretenimiento...

Full description

Bibliographic Details
Main Authors: Guzmán Avilés, Noelia, Pérez Orosco, Karl Alexander, Cárcamo Herrera, Edgard Wilfredo
Other Authors: Tutor: Fuentes Espinoza, Oscar Danilo
Format: Tesis Section = Libro
Language:Undetermined
Spanish
Published: Managua UNI 2010
Subjects:
LEADER 01228nam a2200277Ia 4500
008 240830s9999 xx 000 0 und d
040 |a BIBLIOTECA-RUPAP Mon 725.86 G993 
041 |a spa 
082 |a Mon 725.86 G993 
100 1 |a Guzmán Avilés, Noelia 
100 1 |b Pérez Orosco, Karl Alexander 
100 1 |c Cárcamo Herrera, Edgard Wilfredo 
245 1 0 |a Estudio de prefactibilidad para la creación de un centro de patinaje sobre ruedas en la ciudad de Managua 
260 |a Managua  |b UNI  |c 2010 
300 |a 211 p. :il. 
500 |a Contiene: anexos e Incluye: CD. 
502 |a Tesis (Ingeniero Industrial)- UNI, 2010. 
520 3 |a Presenta estudio de prefactibilidad para la creación de un centro de patinaje sobre ruedas que cumpla con todos los requerimientos técnicos, funcionales y de confort que satisfaga las necesidades de los que gustan de este deporte y que ofrezca a los jóvenes una alternativa más de entretenimiento sano. 
650 7 |a EDIFICIOS DE RECREACIÓN - PATINADORES 
650 7 |b PATINAJE SOBRE RUEDAS 
650 7 |c ANÁLISIS DE MERCADO 
650 7 |d ESTUDIO ECONOMICO 
700 1 |a Tutor:  |b Fuentes Espinoza, Oscar Danilo 
942 |c BK  |2 ddc 
991 |a TESIS 
999 |c 17974